10 największych miast Austrii - Statystyki

Ogólne statystyki
  • Ten quiz został rozwiązany 240 razy
  • Średni wynik to 5 z 10
Statystyki odpowiedzi
Miejsce/liczba ludności Miasto % Poprawnych
1. 2 005 760 Wiedeń
100%
2. 298 479 Graz
86%
4. 156 619 Salzburg
86%
5. 131 358 Innsbruck
83%
3. 210 118 Linz
78%
6. 104 332 Klagenfurt am Wörthersee
44%
7. 65 135 Villach
31%
9. 57 639 Sankt Pölten
18%
8. 64 385 Wels
9%
10. 47 420 Dornbirn
4%
Nie znaleziono quizów pasujących do podanych kryteriów
Rozkład punktacji
Procent ludzi z każdym wynikiem
Percentyl według liczby udzielonych odpowiedzi
Twoja historia wyników
Nie rozwiązałeś tego quizu